1729 1179 1631 1451 1501 1183 1912 1697 1624 1489 1093 1653 1675 1168 1519 1088 1743 1958 1788 1629 1232 1476 1116 1946 1069 1862 1891 1393 1279 1022 1453 1047 1379 1571 1413 1455 1010 1790 1104 1868 1169 1336 1243 1626 1290 1321 1760 1941 1373 1304 1710 1432 1691 1848 1958 1968 1443 1187 1033 1209 1462 1067 1899 1360 1519 1057 1424 1950 1712 1909 1511 1797 1181 1641 1798 1539 1380 1482 1615 1550 1507 1362 1097 1045 1108 1478 1832 1574 1258 1227 1065 1316 1372 1724 1641 1120 1881 1079 1795 BCNSPRNW ULIB Ver.6.0+V

เปลี่ยนเป็นภาษาไทย

Change to English
 แสดงรายละเอียดบรรณานุกรม
  กลับหน้าหลัก

Brief Record : Get Marc (ISO 2709) : E-mail record : QR code < ปิดหน้าต่าง
LEADER : 00000nam 2200000uu 4500
001    13399108031
003     ULIB
008    110215s2545||||th 000 0 tha d
020    9740500773
060 04 QT104^bส772ส 2545
100 0  สุพรพิมพ์ เจียสกุล
245 10 สรีรวิทยาทางการแพทย์ระบบฮอร์โมน =^bMedical physiology :hormonal system /^cสุพรพิมพ์ เจียสกุล
246 31 Medical physiology :^bhormonal system
250    พิมพ์ครั้งที่ 1
260    กรุงเทพฯ :^bชวนพิมพ์,^c2545
300    290 หน้า :^bภาพประกอบ ;^c26 ซม.
650  7 สรีรวิทยา
650  7 ฮอร์โมน
653    ผลงานอาจารย์คณะแพทยศาสตร์ศิริราชพยาบาล
710 2  มหาวิทยาลัยมหิดล. ^bคณะแพทยศาสตร์ศิริราชพยาบาล.^bภาควิชาสรีรวิทยา
945    ^p250^l0^i015712
945    ^p250^l0^i015710
945    ^p250^l0^i015711
995    ทศพร
999 ^a ใช้งานได้ทุกระบบ
รายการนี้ยังไม่มีแท็ก
คุณยังไม่ได้ล็อกอิน คุณสามารถมีกิจกรรมร่วมกับเว็บไซต์ได้ แต่ต้องล็อกอินก่อน ::
  ล็อกอิน

รายการสื่อสารสนเทศ

ลำดับที่ ประเภท เลขเรียก/บาร์โค้ด สถานที่ สถานะ
- ไม่พบข้อมูล -

รายการใกล้เคียง
    ผู้แต่ง [สุพรพิมพ์ เจียสกุล]

    หัวเรื่อง [สรีรวิทยา]
    หัวเรื่อง [ฮอร์โมน]

BibComment


ยังไม่เคยถูกคอมเมนท์

คอมเมนท์ทรัพยากรรายการนี้
  คอมเมนท์: สรีรวิทยาทางการแพ..


 Copyright 2026. Bcnsprnw @Library